000 01033cam a22002897a 4500
003 CHAP
005 20220329141353.0
008 971013s1980 r 00010 d
010 _a67160
011 _a68132
035 _a77604
040 _cCHAP
082 _a338.174
_bB35no 1983
110 _aBanco de Crédito Rural del Noreste, S. A. México
_99819
245 1 3 _aLa comercialización de los principales productos agrícolas y costos de producción de cultivos comerciales y de autoconsumo ciclo 1979-79
260 _aMéxico :
_bEl Banco,
_c[1980?]
300 _app. 46-55,91-95,111-115,151-155,193-197,215-219
590 _aBATCH-UPD
_b10
_c20130110
_lUCH01
_h1932
590 _aBATCH-UPD
_b10
_c20130410
_lUCH01
_h1256
590 _aBATCH-UPD
_b10
_c20130914
_lUCH01
_h1446
590 _aCONVERSION
_b10
_c20130109
_lUCH01
_h1337
650 1 4 _aFruta
_xCostos de producción.
_943604
650 1 4 _aFruta
_xMercadeo.
_943633
901 _aBK
942 _cLIBRO
949 _a338.174 B35no 1983
_bBC
_cC
_d-30474
_eC
_h73724
_i77604
_si
999 _c67160
_d67160